| 000 | 00698nam a2200229Ia 4500 | ||
|---|---|---|---|
| 005 | 20230720111631.0 | ||
| 008 | 210716s1995 xx 000 0 und d | ||
| 020 | _a817808015X | ||
| 040 | _cAIMIT LIBRARY | ||
| 041 | _aeng | ||
| 082 |
_a005.43 STEW _22 _bSTEW |
||
| 100 |
_aStevens, W Richard. _9127348 |
||
| 245 |
_aUnix network programming : _binterprocess communications / _cBy W. Richard Stevens. |
||
| 250 | _a2nd ed. | ||
| 260 |
_aNew Delhi : _bPearson Education , _c1995. |
||
| 300 |
_axvii,558 p.; _bPB _c23 cm. |
||
| 440 | _vVol.2 | ||
| 650 |
_aPosix IPC _9127349 |
||
| 650 |
_aPosix message queues _9127418 |
||
| 650 |
_aRecord locking _9127419 |
||
| 942 |
_2ddc _cBK _e2nd _k005.43 STEW |
||
| 999 |
_c184345 _d184345 |
||